| 000 | 00758nam a2200205 i 4500 | ||
|---|---|---|---|
| 001 | 180036 | ||
| 003 | ES-MaACL | ||
| 005 | 20230906220956.0 | ||
| 008 | 120402s1904 fr |||| | fre d | ||
| 080 | _a331.109.32:622(44) | ||
| 245 | 0 | 2 |
_aL'armée aux grèves : _bgrève générale des mineurs (octobre-novembre 1902) / par le lieutenant Z. |
| 260 |
_aParis : _bSociété Nouvelle de Librairie et d'Édition, _c1904. |
||
| 300 |
_a166 p. ; _c16 cm. |
||
| 490 | 1 |
_aBibliothèque socialiste ; _v23-24 |
|
| 650 | 4 |
_aMineros- _xHuelgas- _zFrancia. _9176299 |
|
| 650 | 4 |
_aMovimiento obrero- _zFrancia. _9147036 |
|
| 830 | 1 |
_aBibliothèque socialiste ; _v23-24 _9185029 |
|
| 852 | 4 |
_aES-MaACL _jD-2173(3) _z- Enc. en un vol. facticio |
|
| 999 |
_c180036 _d180036 |
||